000 00982nas a2200253Ia 4500
001 R142/77663
003 IT-RoPAU
008 151124c99999999xx |||||||||||| ||und||
040 _aIT-RoPAU
040 _cIT-RoPAU
041 _aFRANCESE
100 _aPajon Patrick
_gCodice Aut. SPICS: 17594
210 _aRESEAUX
222 _aReseaux
245 _aRESEAUX, N.037 (OTTOBRE 1989)
_bVideotex Comme Industrie Culturelle (Le)
250 _a2a ed.
260 _aPARIS
_bCNET
_c1989
501 _bPaulus - SPICS - Società San Paolo EM (non-commercial uses only)
_cCopyright2015
300 _a12 p. [99-110]
362 _aN.037 (OTTOBRE 1989)
500 _aVideotex Come Industria Culturale. Elaborazione di una Telematica di Comunicazione. Avvenimento dei Servizi di Transazione. Diversificazione Delle Imprese di Comunicazione. Affermazione di una Nuova Configurazione Economica.Nuove Piste di Ricerca.
650 _aCOMUNICAZIONE
_vPUBBLICAZIONE PERIODICA
942 _cCR
999 _c190257
_d190257